|
|
|
|
| LEADER |
00898ncm a22002292a 4500 |
| 001 |
001204684 |
| 003 |
CZ BrMZK |
| 005 |
20120726074958.0 |
| 007 |
qu |
| 008 |
120405s1952 ru |||||||||||||||||rus d |
| 040 |
|
|
|a BOA001
|b cze
|
| 072 |
|
7 |
|a 782
|x Divadelní hudba. Opera, opereta, muzikál
|2 Konspekt
|9 9
|
| 100 |
1 |
|
|a Nápravník, Eduard,
|d 1839-1916
|7 ola2002146846
|4 cmp
|
| 245 |
1 |
0 |
|a Dubrovskij, soč. 58
|h [hudebnina] :
|b opera v 4-ch dejstvijach i 5-ti kartinach : klavir /
|c Eduard Francovič Nápravník ; libretto M.I. Čajkovskogo (po povesti A.S. Puškina)
|
| 260 |
|
|
|a Moskva :
|b Muzgiz,
|c 1952
|
| 300 |
|
|
|a 368 s.
|
| 500 |
|
|
|a Klavírní výtah
|
| 700 |
1 |
|
|a Čajkovskij, Modest Ilj‘ič,
|d 1850-1916
|7 js20020925161
|4 lbt
|
| 910 |
|
|
|a BOA001
|b Mus4-0307.014
|
| 990 |
|
|
|a MU
|
| 991 |
|
|
|b 201204
|
| 996 |
6 |
|
|b 2619571411
|c Mus4-0307.014
|l MZK
|r Sklad / do 1 hodiny
|n 0
|w 001238242
|u 000010
|a 1
|e BOA001
|j MZK50
|s P
|